Geography Quiz

Random Geography or City Quiz
Score 0/15 Timer 08:00
0 Plays Today
% Correct
Port-au-Prince
97.7%
Carrefour
60.3%
Port-de-Paix
59%
Delmas
58.8%
Cap-Haïtien
55.2%
Les Cayes
53%
Pétionville
50.9%
Saint-Marc
50.7%
% Correct
Gonaïves
43.9%
Léogâne
40%
Croix-des-Bouquets
32.2%
Cité Soleil
31.8%
Petit-Gôave
21.3%
Tabarre
20%
Ouanaminthe
10.7%

You're not logged in!

Compare scores with friends on all Sporcle quizzes.
OR
Log In

Sporcle TV

Today on Sporcle TV


Watch our educational content, quiz creation guides, and fun videos on Sporcle TV.

Show Comments

Extras

Top Quizzes Today


Score Distribution

Paid Content

Your Account Isn't Verified!

In order to create a playlist on Sporcle, you need to verify the email address you used during registration. Go to your Sporcle Settings to finish the process.

Report this User

Report this user for behavior that violates our Community Guidelines.

Details: